Kratkaja geografičeskaja enciklopedija [Vyp.] 5, Judoma-Jaja Dopolnenija
Uložené v:
| Ďalší autori: | |
|---|---|
| Médium: | Kniha |
| Jazyk: | Russian |
| Vydané: |
Moskva :
Sovetskaja enciklopedija,
1966.
|
| Vydanie: | 1. izd. |
| Edícia: | Enciklopedii. Slovari. Spravočniki
|
| ISBN: |
(viaz.) |
| Fyzický popis: |
544 s. : il., obr. príl., mp. |
| Tagy: |
Pridať tag
Žiadne tagy, Buďte prvý kto otaguje tento záznam!
|
Titul je dostupný aj v ... 

MARC
| LEADER | 00000nam a22000001 4500 | ||
|---|---|---|---|
| 001 | 000201413 | ||
| 005 | 20110131183639.0 | ||
| 008 | 000222s1966 xxr rus | ||
| 020 | |a (viaz.) |c Kčs 35,00 | ||
| 040 | |a SVKKK |b slo |c SVKKK |e AACR2 | ||
| 041 | 0 | |a rus | |
| 044 | |a ru |c RU | ||
| 245 | 0 | 0 | |a Kratkaja geografičeskaja enciklopedija |n [Vyp.] 5, |p Judoma-Jaja |p Dopolnenija |c gl. red. A. A. Grigor´jev. |
| 250 | |a 1. izd. | ||
| 260 | |a Moskva : |b Sovetskaja enciklopedija, |c 1966. | ||
| 300 | |a 544 s. : |b il., obr. príl., mp. | ||
| 490 | 1 | |a Enciklopedii. Slovari. Spravočniki | |
| 700 | 1 | |a Grigor´jev, A. A. |4 edt | |
| 910 | |a svkkk | ||
| 998 | |a BK | ||
| 090 | |g SCKHL |k Sklad |a V.63136 |j 375833 |i 2720009329 |s Absenčne | ||
| 090 | |g SCKHL |k Sklad Pribinova 3. posch. |a V.63135 |j 375832 |i 201413-10 |s Absenčne | ||
| 090 | |g SCKHL |k Sklad Pribinova 3. posch. |a V0.5187 |j 029921 |i 2720846523 |s Absenčne | ||